Catálogo

MANUAL DE MORFOLOGIA DE VERTEBRADOS (Registro nro. 39803)

Detalles MARC
000 -LEADER
fixed length control field 01084nam a2200217 a 4500
001 - CONTROL NUMBER
control field 39803
005 - DATE AND TIME OF LATEST TRANSACTION
control field 20180714013450.0
008 - FIXED-LENGTH DATA ELEMENTS--GENERAL INFORMATION
fixed length control field 140415s1998 mx 000 0 spa d
020 ## - INTERNATIONAL STANDARD BOOK NUMBER
International Standard Book Number 9688632317
041 ## - LANGUAGE CODE
Language code of text/sound track or separate title spa
082 ## - DEWEY DECIMAL CLASSIFICATION NUMBER
Classification number 596
Item number HAN
100 1# - MAIN ENTRY--PERSONAL NAME
Personal name HANDAL SILVA, ANABELLA
245 10 - TITLE STATEMENT
Title MANUAL DE MORFOLOGIA DE VERTEBRADOS
250 ## - EDITION STATEMENT
Edition statement 1a ed.
260 ## - PUBLICATION, DISTRIBUTION, ETC.
Place of publication, distribution, etc. MEXICO :
Name of publisher, distributor, etc. BENEMERITA UNIVERSIDAD AUTONOMA DE PUEBLA,
Date of publication, distribution, etc. 1998
300 ## - PHYSICAL DESCRIPTION
Extent 112
Dimensions x 13.8 x 21
490 ## - SERIES STATEMENT
Series statement APOYO A LA DOCENCIA
520 ## - SUMMARY, ETC.
Summary, etc. EL MANUAL DE MORFOLOGIAS DE VERTEBRADOS. ES UNA OBRA QUE CON INSTRUCCIONES SENCILLAS, OBJETIVOS CLAROS, UN METODO ORDENADO, ILUSTRACIONES DE CALIDAD CIENTIFICA Y SOBRE TODO ATRVES DE LA MOTIVACION, CONDUCE AL ESTUDIANTE QUE POR PRIMERA VEZ SE ENFRENTA A LA COMPARACION ANATOMICADE ORGANOS, APARATOS Y SISTEMAS, A LA COMPRENSION NO SOLO DE ESTRUCTURA, SINO TAMBIEN DE LOS MACANISMOS ADAPTATIVOS QUE LOS DIFERENTES GRUPOS DE VERTEBRADOS HAN ADQUIRIDO A LO LARGO DE SU CAMINO.
650 14 - SUBJECT ADDED ENTRY--TOPICAL TERM
Topical term or geographic name entry element VERTEBRADOS
General subdivision MANUAL
700 1# - ADDED ENTRY--PERSONAL NAME
Personal name DOMÍNGUEZ CASALÁ, ROBERTO
Relator term coaut.
Existencias
Withdrawn status Lost status Source of classification or shelving scheme Damaged status Not for loan Collection code Home library Current library Shelving location Date acquired Source of acquisition Inventory number Total Checkouts Full call number Barcode Date last seen Price effective from Koha item type
    Dewey Decimal Classification     General Biblioteca Karol Wojtyla Biblioteca Karol Wojtyla Sala general 03/12/2013 Compra 151000000000000000007019   596 HAN 59787 05/01/2026 03/12/2013 Libro